Schaum's outline of theory and problems of linear algebra (Record no. 10158)

000 -LEADER
fixed length control field 00621 a2200205 4500
020 ## - INTERNATIONAL STANDARD BOOK NUMBER
International Standard Book Number 0071362002
040 ## - CATALOGING SOURCE
Original cataloging agency DLC
Language of cataloging DLC
082 00 - DEWEY DECIMAL CLASSIFICATION NUMBER
Classification number 512.5
100 1# - MAIN ENTRY--PERSONAL NAME
Personal name Lipschutz, Seymour.
245 10 - TITLE STATEMENT
Title Schaum's outline of theory and problems of linear algebra
Statement of responsibility, etc. Seymour Lipschutz, Marc Lars Lipson.
246 30 - VARYING FORM OF TITLE
Title proper/short title Theory and problems of linear algebra
250 ## - EDITION STATEMENT
Edition statement 3rd ed. /
260 ## - PUBLICATION, DISTRIBUTION, ETC.
Place of publication, distribution, etc. New York :
Name of publisher, distributor, etc. McGraw-Hill,
Date of publication, distribution, etc. c2001.
300 ## - PHYSICAL DESCRIPTION
Extent viii, 424 p. :
Other physical details ill. ;
Dimensions 28 cm.
490 0# - SERIES STATEMENT
Series statement Schaum's outline series
500 ## - GENERAL NOTE
General note Includes index.
650 #0 - SUBJECT ADDED ENTRY--TOPICAL TERM
Topical term or geographic name entry element Algebras, Linear
700 1# - ADDED ENTRY--PERSONAL NAME
Personal name Lipson, Marc.
942 ## - ADDED ENTRY ELEMENTS (KOHA)
Koha item type Book
Call number prefix 512.5 LIP
Source of classification or shelving scheme
Holdings
Withdrawn status Lost status Damaged status Not for loan Collection code Permanent Location Current Location Shelving location Date acquired Source of acquisition Cost, normal purchase price Total Checkouts Total Renewals Full call number Barcode Checked out Date last seen Date last checked out Price effective from Koha item type
          Central Library (CL) Central Library (CL) General Stacks 06/12/2004 Allied Book Company 612.96 9 2 512.5 LIP SEECS004571 11/01/2024 07/04/2024 07/04/2024 01/05/2017 Book
© 2023 Central Library, National University of Sciences and Technology. All Rights Reserved.